| 000 | 00514nam a2200169 a 4500 | ||
|---|---|---|---|
| 001 | 000024816 | ||
| 005 | 20200930023404.0 | ||
| 008 | 110204s1944 ag r 000 0 spa d | ||
| 040 |
_aDO-SdBNP _bspa _cBNPHU |
||
| 082 |
_axxxxx _bS592s |
||
| 100 | 1 |
_aSimmel, George _950925 |
|
| 245 | 1 | 0 |
_aSchopenhauer y Nietzsche / _cGeorge Simmel ; traducción Francisco Ayala. |
| 260 |
_aBuenos Aires, Argentina : _bSchapire, _c1944. |
||
| 300 |
_a274 p. ; _c20.5 cm. |
||
| 700 | 1 |
_aAyala, Francisco, _etr. _950926 |
|
| 049 | _aBNGR | ||
| 999 |
_c24309 _d24309 |
||